000 00752nam a2200325Ia 4500
005 20251020182445.0
008 200515s9999 xx 000 0 und d
020 _a84-481-1386-1
082 _a54/W62
100 _aDavis, Raymond E.
100 _aPeck. Larry M.
100 _aWhitten, Kenneth W.
245 0 _aQuĂ­mica general
250 _a5a ed.
260 _aMadrid
260 _bMcGraw-Hill Interamericana
260 _c1998
300 _a1121 p.
300 _bil., tbl., graf., col.
500 _a1 ejemplar
650 _aELECTROQUIMICA
650 _aGAS
650 _aMETALES
650 _aMOLECULAS
650 _aQUIMICA
650 _aQUIMICA NUCLEAR
650 _aQUIMICA ORGANICA
942 _cLIB
999 _c675
_d675